000 00675nam a2200241Ia 4500
003 OSt
005 20221005081724.0
006 a|||||r|||| 00| 0
007 ta
008 221004b |||||||| |||| 00| 0 eng d
024 _a66904
037 _cTextual
040 _aCRL
_cCRL
_beng
041 _2eng
_aeng
082 _aV73:19.N9, M9
100 _aDenny Brewster C.
_9510760
245 0 _aSeeing American foreign policy whole
260 _aNew Delhi
_bS.G. Wasani for macmillan India
_c1989
300 _a200p.
_ccm.
650 _aUNITED STATES - HISTORY
_931585
942 _hV73:19.N9, M9
_cTEXL
_2cc
999 _c988168
_d988168